000 00952nam a2200301Ia 4500
001 60845
003 IT-RoPAU
008 130308s9999 xx 000 0 und d
040 _aIT-RoPAU
040 _cIT-RoPAU
041 _aITALIANO
100 _aPiperno Franco
100 _gCodice Aut. SPICS: 9712
245 _aSistema produttivo fino al 1780 (Il)
245 _bStoria dell'Opera Italiana-4-Il Sistema produttivo e le Sue Competenze
250 _a1a ed.
260 _aTORINO
260 _bEDT
260 _c1987 [1° Ed.:1987 - Ed.Ling.Originale:1987]
300 _a"75 p. (prefazione: no ; testo: 75 [pagine: 1-75])"
500 _aSpettacolo Operistico di Corte Opera Mercenaria compagnie Itineranti Teatro D'Opera Imprenditoriale Impresario e Pubblico Teatrale Ballo Opera Seria o Comica
650 _aGENERI MUSICALI
650 _eCodice materia Spics: 7010
942 _cBK
957 _71
999 _c59562
_d59562
999 _bSI
999 _g1